Dźwięki zwierząt - Statystyki

Ogólne statystyki
  • Ten quiz został rozwiązany 2 128 razy
    2 127 od ostatniego zresetowania
  • Średni wynik to 17 z 19
Statystyki odpowiedzi
Dźwięk Zwierzę % Poprawnych
Miau Kot
100%
Muu Krowa
100%
Hau Pies
100%
Kukuryku Kogut
99%
Sss Wąż
99%
Kwa-Kwa Kaczka
98%
Chrum Świnia
98%
Ihaha Koń
97%
Ko-ko-ko Kura
97%
Bee Owca
96%
Bzz Pszczoła
96%
Gę-gę Gęś
94%
Kum-kum Żaba
94%
Huu-huu Sowa
90%
Ćwir-ćwir Ptak
88%
I-ooo Osioł
81%
Gru-gru Gołąb
78%
Gul-gul Indyk
75%
Pi-pi Mysz
48%
Nie znaleziono quizów pasujących do podanych kryteriów
Rozkład punktacji
Procent ludzi z każdym wynikiem
Percentyl według liczby udzielonych odpowiedzi
Twoja historia wyników
Nie rozwiązałeś tego quizu od ostatniego zresetowania